| 000 | 00543nam a2200217Ia 4500 | ||
|---|---|---|---|
| 008 | 170918s9999 xx 000 0 und d | ||
| 020 | _a9780531147719 | ||
| 050 | _bD554 2008 | ||
| 100 | _aDiConsiglio, John | ||
| 245 | _aOut of control : | ||
| 245 | _bhow to handle anger - yours and everyone else's / | ||
| 245 | _cJohn DiConsiglio. | ||
| 260 | _aNew York : | ||
| 260 | _bScholastic, | ||
| 260 | _c2008 | ||
| 300 | _a112 pages : | ||
| 300 | _bcolored illustration ; | ||
| 300 | _c20cm. | ||
| 440 | _aChoices. | ||
| 500 | _a870 | ||
| 999 |
_c341929 _d341929 |
||